[Event "Novi Sad Put Svile IM 5th"]
[Site "Novi Sad"]
[Date "2021.08.04"]
[Round "5"]
[White "Varvaglione, Antonio"]
[Black "Anand, Batsukh"]
[Result "0-1"]
[WhiteElo "2166"]
[BlackElo "2129"]
[PlyCount "80"]
[EventDate "2021.08.01"]
[EventType "tourn"]
[EventRounds "9"]
[EventCountry "SRB"]
[SourceTitle "CBM 203 Extra"]
[Source "ChessBase"]
[SourceDate "2021.09.30"]
[SourceVersion "1"]
[SourceVersionDate "2021.09.30"]
[SourceQuality "1"]

1. e4 c5 2. c3 Nf6 3. e5 Nd5 4. d4 cxd4 5. Nf3 e6 6. cxd4 d6 7. Bc4 Be7 8. 0-0 0-0 9. Qe2 Nc6 10. a3 Qc7 11. Bd2 Qb6 12. Nc3 Nxd4 13. Nxd4 Qxd4 14. exd6 Nxc3 15. Bxc3 Qxd6 16. Rfd1 Qc6 17. Rac1 a6 18. Bd3 e5 19. Bxe5 Qe6 20. Qe4 g6 21. Bc4 Qf5 22. Qxf5 Bxf5 23. Bd5 Bg5 24. f4 Rae8 25. Rc7 b5 26. Rc6 a5 27. Ra6 Bg4 28. Rd3 Bc8 29. Rxa5 Bd8 30. Rxb5 Ba6 31. Rdb3 Bxb5 32. Rxb5 Be7 33. b4 Rc8 34. Rb7 Rfd8 35. Bf3 Bh4 36. g3 Rd2 37. Bg2 Bd8 38. b5 f6 39. Bc6 fxe5 40. fxe5 Bg5 0-1

[Event "WchT ICSC Silent 19th"]
[Site "Chiavenna"]
[Date "2019.12.19"]
[Round "8.2"]
[White "Varvaglione, Antonio"]
[Black "Nauryzgaliev, Amangeldy"]
[Result "0-1"]
[WhiteElo "2142"]
[BlackElo "1905"]
[PlyCount "60"]
[EventDate "2019.12.14"]
[EventType "team-tourn"]
[EventRounds "9"]
[EventCountry "ITA"]
[SourceTitle "CBM 193 Extra"]
[Source "ChessBase"]
[SourceDate "2020.01.31"]
[SourceVersion "1"]
[SourceVersionDate "2020.01.31"]
[SourceQuality "1"]
[WhiteTeam "Italy"]
[BlackTeam "Kazakhstan"]
[WhiteTeamCountry "ITA"]
[BlackTeamCountry "KAZ"]

1. e4 c5 2. Nf3 e6 3. d3 Nc6 4. g3 g6 5. Bg2 Bg7 6. 0-0 Nge7 7. c3 d5 8. Nbd2 0-0 9. Re1 e5 10. exd5 Nxd5 11. Nc4 Re8 12. a4 Bf5 13. Ng5 h6 14. Ne4 b6 15. Ned6 Be6 16. Nxe8 Qxe8 17. Qf3 Rd8 18. Bd2 Qd7 19. Rac1 Nde7 20. Ne3 Qxd3 21. Rcd1 Bb3 22. Bc1 Bxd1 23. Rxd1 Qb1 24. Rxd8+ Nxd8 25. Qd1 Ne6 26. Nc4 h5 27. Qd2 Nf5 28. Na3 Qa1 29. Nc4 Nh6 30. f4 Nxf4 0-1

[Event "Cattolica Weekend 1st"]
[Site "Cattolica"]
[Date "2019.06.15"]
[Round "2"]
[White "Drazic, Sinisa"]
[Black "Varvaglione, Antonio"]
[Result "1-0"]
[WhiteElo "2365"]
[BlackElo "2154"]
[PlyCount "33"]
[EventDate "2019.06.14"]
[EventType "swiss"]
[EventRounds "5"]
[EventCountry "ITA"]
[SourceTitle "CBM 191 Extra"]
[Source "ChessBase"]
[SourceDate "2019.09.30"]
[SourceVersion "1"]
[SourceVersionDate "2019.09.30"]
[SourceQuality "1"]

1. c4 c5 2. Nc3 Nc6 3. Nf3 g6 4. e3 Nf6 5. d4 cxd4 6. exd4 d5 7. Bg5 Ne4 8. cxd5 Nxc3 9. bxc3 Qxd5 10. Qb3 Qe4+ 11. Be3 Be6 12. c4 Bg7 13. Bd3 Qg4 14. h3 Qxg2 15. Ke2 Bxh3 16. Rag1 0-0 17. d5 1-0

[Event "Porto Sant Elpidio op 21st"]
[Site "Porto Sant Elpidio"]
[Date "2018.11.24"]
[Round "3.4"]
[White "Gaoni, Vincenzo"]
[Black "Varvaglione, Antonio"]
[Result "0-1"]
[WhiteElo "1758"]
[BlackElo "2208"]
[PlyCount "36"]
[EventDate "2018.11.23"]
[EventType "swiss"]
[EventRounds "5"]
[EventCountry "ITA"]
[SourceTitle "EXT 2024"]
[Source "ChessBase"]
[SourceDate "2023.10.10"]
[SourceVersion "1"]
[SourceVersionDate "2023.10.10"]
[SourceQuality "1"]

1. e4 c5 2. Nf3 Nc6 3. Bb5 g6 4. Bxc6 dxc6 5. 0-0 Bg7 6. Nc3 e5 7. d3 Qe7 8. Be3 Nf6 9. h3 Nd7 10. Qd2 h6 11. Nh2 Nf8 12. f4 exf4 13. Bxf4 Ne6 14. Be3 Nd4 15. Rae1 Be6 16. Nf3 Rd8 17. b3 Rd7 18. Qf2 Nxf3+ 0-1

[Event "Porto Sant Elpidio op 21st"]
[Site "Porto Sant Elpidio"]
[Date "2018.11.24"]
[Round "2.7"]
[White "Varvaglione, Antonio"]
[Black "Pensieri, Mirko"]
[Result "1-0"]
[WhiteElo "2208"]
[BlackElo "1106"]
[PlyCount "73"]
[EventDate "2018.11.23"]
[EventType "swiss"]
[EventRounds "5"]
[EventCountry "ITA"]
[SourceTitle "EXT 2024"]
[Source "ChessBase"]
[SourceDate "2023.10.10"]
[SourceVersion "1"]
[SourceVersionDate "2023.10.10"]
[SourceQuality "1"]

1. e4 b6 2. d4 Bb7 3. Bd3 e6 4. c3 c5 5. Nd2 Nf6 6. Ne2 d6 7. 0-0 Be7 8. Re1 0-0 9. Ng3 Nbd7 10. Nf3 h6 11. Qe2 e5 12. dxe5 Nxe5 13. Nxe5 dxe5 14. Ba6 Qc7 15. Bxb7 Qxb7 16. Nf5 Kh7 17. Qf3 Ng8 18. Qg3 Bf6 19. f4 Qc7 20. fxe5 Qxe5 21. Bf4 Qe6 22. Qh3 Be5 23. Qg3 Bf6 24. Qd3 Be5 25. Bxe5 Qxe5 26. Qd5 f6 27. Qd7 Ne7 28. Qxe7 Qxe7 29. Nxe7 Rfe8 30. Nd5 Re5 31. a4 f5 32. c4 fxe4 33. Ra3 Rae8 34. Rae3 Kg6 35. Nc3 a5 36. Nd5 R8e6 37. Nf4+ 1-0

[Event "Sant'Angelo Festival Abruzzo"]
[Site "Sant'Angelo"]
[Date "2018.08.11"]
[Round "9.8"]
[White "Varvaglione, Antonio"]
[Black "Navrotescu, Catalin"]
[Result "0-1"]
[WhiteElo "2200"]
[BlackElo "2372"]
[PlyCount "50"]
[EventDate "2018.08.05"]
[EventType "swiss"]
[EventRounds "9"]
[EventCountry "ITA"]
[SourceTitle "EXT 2024"]
[Source "ChessBase"]
[SourceDate "2023.10.10"]
[SourceVersion "1"]
[SourceVersionDate "2023.10.10"]
[SourceQuality "1"]

1. e4 e6 2. d4 c5 3. c3 d5 4. exd5 Qxd5 5. Nf3 Nf6 6. Be2 Nc6 7. 0-0 cxd4 8. cxd4 Be7 9. Nc3 Qd6 10. Nb5 Qd8 11. Bf4 Nd5 12. Bg3 a6 13. Nc3 0-0 14. Rc1 Nf6 15. Na4 Bd7 16. Nc5 Qb6 17. b3 Rfd8 18. Qd2 Nxd4 19. Qxd4 Bb5 20. Nd7 Qxd4 21. Nxd4 Bxd7 22. Bf3 Nd5 23. Nf5 Ba3 24. Rcd1 Bb5 25. Rfe1 Bb4 0-1

[Event "Sant'Angelo Festival Abruzzo"]
[Site "Sant'Angelo"]
[Date "2018.08.09"]
[Round "6.8"]
[White "Vuelban, Virgilio"]
[Black "Varvaglione, Antonio"]
[Result "0-1"]
[WhiteElo "2305"]
[BlackElo "2200"]
[PlyCount "72"]
[EventDate "2018.08.05"]
[EventType "swiss"]
[EventRounds "9"]
[EventCountry "ITA"]
[SourceTitle "EXT 2024"]
[Source "ChessBase"]
[SourceDate "2023.10.10"]
[SourceVersion "1"]
[SourceVersionDate "2023.10.10"]
[SourceQuality "1"]

1. d4 d6 2. e4 Nf6 3. f3 e5 4. d5 Be7 5. c4 Nh5 6. Nc3 Bg5 7. g3 Bxc1 8. Rxc1 Qg5 9. Qd2 Qe7 10. Bh3 0-0 11. Bxc8 Rxc8 12. Nge2 Nd7 13. 0-0 g6 14. Rcd1 Kh8 15. f4 exf4 16. gxf4 g5 17. Qd4+ Ng7 18. fxg5 Qxg5+ 19. Kh1 Ne5 20. Rg1 Qh5 21. Rdf1 Rg8 22. Nf4 Qh4 23. Rg3 Nh5 24. Rh3 Qxf4 25. Rxf4 Nxf4 26. Rg3 Rxg3 27. hxg3 Nh5 28. Ne2 b6 29. Qf2 Rg8 30. Kg2 Rg6 31. Qf5 Nf6 32. Nf4 Rh6 33. Qg5 Rh2+ 34. Kf1 Nxe4 35. Qd8+ Kg7 36. Ne2 Nf3 0-1

[Event "Gioiosa Marea op 22nd"]
[Site "Gioiosa Marea"]
[Date "2018.06.21"]
[Round "6"]
[White "Varvaglione, Antonio"]
[Black "Cino, Giuseppe Adalberto"]
[Result "1-0"]
[WhiteElo "2220"]
[BlackElo "1953"]
[PlyCount "143"]
[EventDate "2018.06.17"]
[EventType "swiss"]
[EventRounds "9"]
[EventCountry "ITA"]
[SourceTitle "CBM 185 Extra"]
[Source "ChessBase"]
[SourceDate "2018.07.29"]
[SourceVersion "1"]
[SourceVersionDate "2018.07.29"]
[SourceQuality "1"]

1. Nf3 e6 2. g3 d5 3. Bg2 c5 4. d3 Nc6 5. Nbd2 Bd6 6. e4 d4 7. 0-0 Nge7 8. Nc4 Bc7 9. a4 0-0 10. e5 Ng6 11. Qe2 Rb8 12. h4 h6 13. h5 Nge7 14. Nh2 a6 15. Ng4 Kh7 16. Bf4 Nd5 17. Bd2 b5 18. axb5 axb5 19. Na3 Ba5 20. c4 dxc3 21. bxc3 Bxc3 22. Qe4+ Kh8 23. Bxc3 b4 24. Bb2 bxa3 25. Bxa3 Ncb4 26. Qc4 Ba6 27. Qxc5 Bxd3 28. Bxd5 Nxd5 29. Qxf8+ Qxf8 30. Bxf8 Rxf8 31. Rfe1 Nb4 32. Ra7 Nc2 33. Rc1 Kg8 34. Rd7 Bf5 35. Nh2 Nb4 36. g4 Bh7 37. Nf3 Nd5 38. Nd4 Nb6 39. Rb7 Nd5 40. Nc6 g6 41. hxg6 Bxg6 42. Rd1 Nc3 43. Ne7+ Kg7 44. Re1 Bh7 45. Kh2 Rd8 46. Re3 Nd1 47. Re2 Nc3 48. Reb2 Na4 49. R2b4 Nc5 50. Ra7 Nd3 51. Nc6 Rf8 52. Rd4 Nxf2 53. Nd8 Kg8 54. Rf4 Rxd8 55. Rfxf7 Nxg4+ 56. Kg3 Bf5 57. Rg7+ Kh8 58. Rxg4 Bxg4 59. Kxg4 h5+ 60. Kxh5 Re8 61. Kg6 Kg8 62. Kf6 Rb8 63. Kxe6 Rb6+ 64. Ke7 Rg6 65. Ra8+ Kg7 66. e6 Rg1 67. Kd7 Rd1+ 68. Ke8 Rh1 69. Ra2 Kf6 70. e7 Rd1 71. Kf8 Rh1 72. Rf2+ 1-0

[Event "Mare di Fano op 5th"]
[Site "Fano"]
[Date "2016.08.05"]
[Round "8"]
[White "Varvaglione, Antonio"]
[Black "Rigo, Janos"]
[Result "1-0"]
[WhiteElo "2189"]
[BlackElo "2243"]
[PlyCount "61"]
[EventDate "2016.07.30"]
[EventType "swiss"]
[EventRounds "9"]
[EventCountry "ITA"]
[SourceTitle "CBM 173 Extra"]
[Source "ChessBase"]
[SourceDate "2016.08.29"]
[SourceVersion "1"]
[SourceVersionDate "2016.08.29"]
[SourceQuality "1"]

1. e4 c5 2. Nf3 Nc6 3. d4 cxd4 4. Nxd4 Nf6 5. Nc3 g6 6. Nxc6 dxc6 7. Qxd8+ Kxd8 8. Bc4 Ke8 9. e5 Ng4 10. f4 h5 11. Bd2 Bf5 12. h3 Nh6 13. 0-0-0 h4 14. Be3 Bd7 15. Bf2 b5 16. Bb3 a5 17. a3 Nf5 18. Bxf7+ Kxf7 19. Rxd7 Bh6 20. Ne2 Rhg8 21. Kb1 Rac8 22. Rhd1 a4 23. Bc5 g5 24. Nd4 Nxd4 25. Rxe7+ Kg6 26. Rxd4 gxf4 27. Re6+ Kh5 28. Rf6 Rxg2 29. e6 Rg5 30. e7 Rd5 31. Rxc6 1-0

[Event "Mare di Fano op 5th"]
[Site "Fano"]
[Date "2016.08.03"]
[Round "6"]
[White "Matsenko, Andrei"]
[Black "Varvaglione, Antonio"]
[Result "1-0"]
[WhiteElo "2327"]
[BlackElo "2189"]
[PlyCount "125"]
[EventDate "2016.07.30"]
[EventType "swiss"]
[EventRounds "9"]
[EventCountry "ITA"]
[SourceTitle "CBM 173 Extra"]
[Source "ChessBase"]
[SourceDate "2016.08.29"]
[SourceVersion "1"]
[SourceVersionDate "2016.08.29"]
[SourceQuality "1"]

1. Nf3 Nf6 2. c4 g6 3. Nc3 d5 4. cxd5 Nxd5 5. Qb3 c6 6. e4 Nb6 7. d4 Bg7 8. Be3 Be6 9. Qc2 Nc4 10. Bf4 b5 11. Be2 0-0 12. 0-0 Bg4 13. Rad1 Bxf3 14. Bxf3 e5 15. dxe5 Qe7 16. Be2 Nd7 17. Bxc4 bxc4 18. Qa4 Nxe5 19. Bxe5 Qxe5 20. Qxc4 Rab8 21. Rd2 Rfd8 22. Rxd8+ Rxd8 23. Qxc6 Rd2 24. Qb7 Qa5 25. b4 Qd8 26. Nd5 Bd4 27. a4 Qh4 28. Qb8+ Kg7 29. Qf4 Qxf4 30. Nxf4 Kf6 31. g3 Ke5 32. Kg2 Kxe4 33. Re1+ Kf5 34. Re2 Rd1 35. Kf3 Be5 36. Ng2 Ra1 37. a5 Ke6 38. Nf4+ Kd6 39. Rd2+ Kc6 40. Rc2+ Kd6 41. Nd3 Ra3 42. Ke2 Bc3 43. h4 Kd5 44. g4 h6 45. h5 gxh5 46. gxh5 f5 47. Rc1 Kd4 48. Ne1 Ra2+ 49. Kf3 Kc4 50. Nc2 Kd3 51. Ne3 Bxb4 52. Rd1+ Kc3 53. Nd5+ Kc4 54. Nxb4 Kxb4 55. Rd6 Kxa5 56. Rxh6 Ra3+ 57. Kf4 Rh3 58. Kg5 Kb5 59. Rf6 a5 60. Rxf5+ Kb6 61. Rf4 Kb5 62. h6 a4 63. Rh4 1-0

[Event "Mare di Fano op 5th"]
[Site "Fano"]
[Date "2016.08.01"]
[Round "4"]
[White "Weichhold, Pawel"]
[Black "Varvaglione, Antonio"]
[Result "1-0"]
[WhiteElo "2387"]
[BlackElo "2189"]
[PlyCount "55"]
[EventDate "2016.07.30"]
[EventType "swiss"]
[EventRounds "9"]
[EventCountry "ITA"]
[SourceTitle "CBM 173 Extra"]
[Source "ChessBase"]
[SourceDate "2016.08.29"]
[SourceVersion "1"]
[SourceVersionDate "2016.08.29"]
[SourceQuality "1"]

1. a3 e5 2. c4 Nf6 3. g3 d5 4. cxd5 Nxd5 5. Bg2 Be7 6. Nc3 Nb6 7. Nf3 Nc6 8. d3 0-0 9. 0-0 Be6 10. Be3 f6 11. Rc1 Nd4 12. Bxd4 exd4 13. Ne4 a5 14. Qc2 Rc8 15. Nc5 Bd5 16. Nxd4 Bxg2 17. Nde6 Qd6 18. Kxg2 Rf7 19. Qb3 a4 20. Qa2 Qc6+ 21. Kg1 Nd7 22. Nd4 Qd6 23. Nf5 Qe5 24. Nxe7+ Qxe7 25. Nxb7 Kf8 26. Rc2 Qe5 27. Qc4 Nb6 28. Qc5+ 1-0

[Event "ITA-ch sf 76th"]
[Site "Civitanova Marche"]
[Date "2016.07.14"]
[Round "6"]
[White "Varvaglione, Antonio"]
[Black "De Santis, Alessio"]
[Result "1/2-1/2"]
[WhiteElo "2189"]
[BlackElo "2265"]
[PlyCount "75"]
[EventDate "2016.07.09"]
[EventType "swiss"]
[EventRounds "9"]
[EventCountry "ITA"]
[SourceTitle "CBM 173 Extra"]
[Source "ChessBase"]
[SourceDate "2016.08.29"]
[SourceVersion "1"]
[SourceVersionDate "2016.08.29"]
[SourceQuality "1"]

1. g3 c5 2. Nf3 b6 3. Bg2 Bb7 4. d3 g6 5. Nbd2 Bg7 6. e4 d6 7. 0-0 Nc6 8. Re1 e5 9. c3 Nge7 10. b3 0-0 11. Bb2 b5 12. a3 Qb6 13. Qc2 a5 14. a4 b4 15. c4 Bc8 16. Nf1 Nd4 17. Qd1 Ra7 18. Ne3 Qd8 19. Nh4 Nec6 20. Bf3 Bh6 21. Nhg2 Be6 22. Ra2 Qf6 23. Bg4 Bxe3 24. Nxe3 h5 25. Be2 Nxe2+ 26. Qxe2 Qg5 27. h4 Qh6 28. Nd5 f6 29. f4 Raf7 30. Rf1 Bh3 31. Rf2 Bg4 32. Qd2 Qg7 33. Ra1 Be6 34. Raf1 Bh3 35. Re1 Be6 36. Ref1 Bh3 37. Re1 Be6 38. Ref1 1/2-1/2

[Event "Padova op-A 18th"]
[Site "Padova"]
[Date "2015.12.15"]
[Round "4.24"]
[White "Varvaglione, Antonio"]
[Black "Lantini, Marco"]
[Result "1/2-1/2"]
[WhiteElo "2247"]
[BlackElo "2083"]
[PlyCount "119"]
[EventDate "2015.12.13"]
[EventType "swiss"]
[EventRounds "9"]
[EventCountry "ITA"]
[SourceTitle "EXT 2024"]
[Source "ChessBase"]
[SourceDate "2023.10.10"]
[SourceVersion "1"]
[SourceVersionDate "2023.10.10"]
[SourceQuality "1"]

1. e4 e5 2. Nf3 Nc6 3. Bc4 Nf6 4. d3 h6 5. 0-0 g6 6. c3 Bg7 7. Nbd2 0-0 8. Re1 d6 9. h3 Kh7 10. Nf1 d5 11. exd5 Nxd5 12. Ng3 f5 13. Bb5 Qd6 14. a4 a6 15. Bc4 b6 16. Qc2 Bb7 17. h4 Nf4 18. Bxf4 exf4 19. Ne2 Ne5 20. Nxe5 Bxe5 21. d4 Qc6 22. f3 Qxc4 23. dxe5 Qc5+ 24. Nd4 Qe7 25. h5 c5 26. hxg6+ Kxg6 27. Nb3 Qg5 28. Qe2 Bd5 29. c4 Be6 30. Rad1 Rad8 31. a5 b5 32. Nxc5 Bxc4 33. Qf2 Rxd1 34. Rxd1 Rd8 35. Rd6+ Kh5 36. Nxa6 Re8 37. Qe1 Qg3 38. Qxg3 fxg3 39. f4 Kg4 40. Nc5 Kxf4 41. e6 Ke5 42. Rd1 Kf6 43. a6 b4 44. a7 Ra8 45. Ra1 Bb5 46. Nd7+ Bxd7 47. exd7 Ke7 48. Kf1 Kxd7 49. Ke2 Kc6 50. Ra4 Kb5 51. b3 h5 52. Kf3 h4 53. Ke3 Kc5 54. Ra5+ Kb6 55. Rxf5 Rxa7 56. Rf6+ Kc5 57. Rf5+ Kc6 58. Rf6+ Kd5 59. Rf5+ Kc6 60. Rf6+ 1/2-1/2

[Event "Locri op 3rd"]
[Site "Locri"]
[Date "2015.07.19"]
[Round "9"]
[White "Varvaglione, Antonio"]
[Black "Rotstein, Arkadij"]
[Result "1-0"]
[WhiteElo "2202"]
[BlackElo "2502"]
[PlyCount "81"]
[EventDate "2015.07.13"]
[EventType "swiss"]
[EventRounds "9"]
[EventCountry "ITA"]
[SourceTitle "EXT 2024"]
[Source "ChessBase"]
[SourceDate "2023.10.10"]
[SourceVersion "1"]
[SourceVersionDate "2023.10.10"]
[SourceQuality "1"]

1. e4 c5 2. c3 Nf6 3. e5 Nd5 4. d4 cxd4 5. Nf3 e6 6. cxd4 d6 7. Bd2 Bd7 8. Bd3 Bc6 9. 0-0 Nd7 10. Nc3 Nxc3 11. Bxc3 dxe5 12. dxe5 Nc5 13. Bc2 Qxd1 14. Raxd1 Be4 15. Bxe4 Nxe4 16. Bd4 b6 17. Rc1 Nc5 18. Rfd1 Be7 19. Kf1 0-0 20. Ke2 Rfd8 21. b4 Nd7 22. a3 a5 23. bxa5 Rxa5 24. Rc7 Rd5 25. a4 h6 26. Rb1 Bc5 27. Bxc5 bxc5 28. Rb5 Nxe5 29. Rcxc5 Ng6 30. g3 Rd3 31. Rb8 Rxb8 32. Kxd3 Kf8 33. a5 Rb1 34. Nd4 Ra1 35. Kc4 Ke7 36. Kb5 Kd6 37. Kb6 Ne7 38. Nb5+ Kd7 39. a6 Nd5+ 40. Kb7 Ra5 41. a7 1-0

[Event "Locri op 2nd"]
[Site "Locri"]
[Date "2014.04.18"]
[Round "5"]
[White "Varvaglione, Antonio"]
[Black "Iannello, Antonio"]
[Result "1-0"]
[WhiteElo "2057"]
[BlackElo "1888"]
[PlyCount "65"]
[EventDate "2014.04.16"]
[EventType "swiss"]
[EventRounds "7"]
[EventCountry "ITA"]
[SourceTitle "EXT 2017"]
[Source "ChessBase"]
[SourceDate "2016.10.25"]
[SourceVersion "1"]
[SourceVersionDate "2016.10.25"]
[SourceQuality "1"]

1. e4 c5 2. c3 g6 3. Nf3 Bg7 4. Bc4 d6 5. 0-0 Nf6 6. Re1 Nc6 7. h3 Nd7 8. d4 cxd4 9. cxd4 0-0 10. Nc3 a6 11. Be3 b5 12. Bd5 Bb7 13. Rc1 Rc8 14. Qd2 Nb6 15. Bh6 Qd7 16. Bxg7 Kxg7 17. Bxc6 Qxc6 18. d5 Qc4 19. b3 Qb4 20. a3 Qxb3 21. Qd4+ Kg8 22. Qxb6 Rxc3 23. Qxb7 Rxc1 24. Rxc1 Qxa3 25. Rc6 b4 26. Qxa6 Qb2 27. Qc4 Rb8 28. Qc1 Qe2 29. Qc2 Qb5 30. Nd4 b3 31. Rc8+ Kg7 32. Qb2 Qb7 33. Nf5# 1-0